000 00518nam a2200193Ia 4500
003 GCL
008 140319s9999 xx 000 0 eng d
040 _aGCL /
_cGCL
082 0 4 _a780.946
_bC H
100 1 _aCRIVILLE BARGALLO, JOSEP
245 1 0 _aHISTORIA DELA MUSICA ESPANOLA: ELFOLKLORE MUSCIAL /
_cCRIVILLE BARGALLO, JOSEP
260 _a[S.N] :
_bMUSICA ALIANAZA ،
_c1988
300 _a412 P
650 0 4 _aSPANISH MUSIC
650 0 4 _aARTS
650 0 4 _aMUSIC
650 0 4 _aMUSIC - SPAIN
942 _2ddc
_cBK
999 _c14313
_d14313